| 000 | 00425nam a2200181Ia 4500 | ||
|---|---|---|---|
| 003 | OSt | ||
| 005 | 20260323143835.0 | ||
| 008 | 250729s2008 xx 000 0 und d | ||
| 040 | _cAL | ||
| 041 | _akan | ||
| 082 | _a900.3 LINK | ||
| 100 |
_aLingappa T P _9230382 |
||
| 245 | _aKituru rani chennamma | ||
| 260 |
_aMangalore _bStudent Book House _c2008 |
||
| 300 | _a48p | ||
| 650 |
_aHistory _9230383 |
||
| 942 |
_2ddc _cBED |
||
| 999 |
_c238754 _d238754 |
||